[Event "WYCC U14 Girls 2019"]
[Site "Mumbai"]
[Date "2019.10.10"]
[Round "9.8"]
[White "De Rycke, Tyani"]
[Black "Omonova, Umida"]
[Result "1/2-1/2"]
[WhiteElo "1891"]
[BlackElo "2078"]
[Annotator "NA"]
[PlyCount "104"]
[EventDate "2019.10.02"]
[EventType "swiss"]
[EventCountry "IND"]
[SourceTitle "playchess.com"]
[Source "ChessBase"]
[SourceQuality "1"]
[TimeControl "40/5400+30:1800+30"]

1. e4 {[%emt 0:00:00]} c5 {[%emt 0:00:26]} 2. Nc3 {[%emt 0:00:00]} Nc6 {[%emt 0:00:30]} 3. g3 {[%emt 0:00:00]} g6 {[%emt 0:01:09]} 4. Bg2 {[%emt 0:00:00]} Bg7 {[%emt 0:01:12]} 5. d3 {[%emt 0:00:03]} d6 {[%emt 0:00:41]} 6. Be3 {[%emt 0:00:09]} Rb8 {[%emt 0:00:55]} 7. Qd2 {[%emt 0:00:13]} b5 {[%emt 0:00:54]} 8. f4 {[%emt 0:00:49]} b4 {[%emt 0:01:02]} 9. Nd1 {[%emt 0:00:14]} e6 {[%emt 0:01:24]} 10. c3 {[%emt 0:03:58]} Qb6 {[%emt 0:01:40]} 11. Ne2 {[%emt 0:02:10]} e5 {[%emt 0:06:22]} 12. O-O {[%emt 0:00:44]} Nge7 {[%emt 0:00:10]} 13. h3 {[%emt 0:06:18]} h5 {[%emt 0:03:39]} 14. Nf2 {[%emt 0:06:12]} Be6 {[%emt 0:03:02]} 15. g4 {[%emt 0:01:32]} hxg4 {[%emt 0:03:17]} 16. hxg4 {[%emt 0:00:24]} exf4 {[%emt 0:01:57]} 17. Nxf4 {[%emt 0:01:35]} bxc3 {[%emt 0:02:31]} 18. bxc3 {[%emt 0:00:08]} Qb2 {[%emt 0:01:29]} 19. Nxe6 {[%emt 0:01:18]} fxe6 {[%emt 0:00:18]} 20. Qxb2 {[%emt 0:21:30]} Rxb2 {[%emt 0:00:26]} 21. Rfc1 {[%emt 0:00:33]} O-O {[%emt 0:01:21]} 22. g5 {[%emt 0:04:13]} Ne5 {[%emt 0:04:06]} 23. Rcb1 {[%emt 0:10:32]} Rfb8 {[%emt 0:03:28]} 24. Rxb2 {[%emt 0:00:36]} Rxb2 {[%emt 0:00:02]} 25. d4 {[%emt 0:03:44]} Nc4 {[%emt 0:01:44]} 26. Bc1 {[%emt 0:01:07]} Rb8 {[%emt 0:01:03]} 27. Bf1 {[%emt 0:08:46]} Na5 28. Bf4 {[%emt 0:00:13]} cxd4 {[%emt 0:09:33]} 29. Bxd6 {[%emt 0:00:47]} Rb7 {[%emt 0:00:02]} 30. cxd4 {[%emt 0:03:05]} Bxd4 {[%emt 0:00:02]} 31. Rd1 {[%emt 0:00:32]} Nec6 {[%emt 0:00:54]} 32. Bh3 {[%emt 0:03:33]} Kf7 {[%emt 0:00:59]} 33. Rd3 {[%emt 0:02:12]} Ne5 {[%emt 0:09:04]} 34. Bxe5 {[%emt 0:01:51]} Bxe5 {[%emt 0:00:03]} 35. Ng4 {[%emt 0:00:34]} Nc6 {[%emt 0:10:45]} 36. Rf3+ {[%emt 0:00:51]} Ke7 {[%emt 0:00:37]} 37. Nxe5 {[%emt 0:00:18]} Nxe5 {[%emt 0:00:02]} 38. Rf6 {[%emt 0:00:21]} Rb6 {[%emt 0:01:09]} 39. Kf2 {[%emt 0:00:35]} a5 {[%emt 0:01:42]} 40. Ke3 {[%emt 0:03:18]} a4 {[%emt 0:06:01]} 41. Kd4 {[%emt 0:30:31]} Nd7 {[%emt 0:30:14]} 42. Rf2 {[%emt 0:05:56]} Rb4+ {[%emt 0:02:21]} 43. Ke3 {[%emt 0:01:49]} a3 {[%emt 0:00:17]} 44. Rc2 {[%emt 0:01:41]} Ne5 {[%emt 0:03:49]} 45. Kf4 {[%emt 0:00:00]} Rb2 {[%emt 0:00:00]} 46. Rc3 {[%emt 0:00:00]} Kd6 {[%emt 0:00:00]} 47. Rxa3 {[%emt 0:00:00]} Nc6 {[%emt 0:00:00]} 48. e5+ {[%emt 0:00:00]} Nxe5 {[%emt 0:00:00]} 49. Ra6+ {[%emt 0:00:00]} Nc6 {[%emt 0:00:00]} 50. Bxe6 {[%emt 0:00:00]} Rb4+ {[%emt 0:00:00]} 51. Kg3 {[%emt 0:00:00]} Kc7 {[%emt 0:00:00]} 52. Bf7 {[%emt 0:00:00]} Ne5 {[%emt 0:00:00]} 1/2-1/2

[Event "WYCC U14 Girls 2019"]
[Site "Mumbai"]
[Date "2019.10.10"]
[Round "9.9"]
[White "Ishvi Aggarwal"]
[Black "Obada, Ema"]
[Result "1/2-1/2"]
[WhiteElo "1935"]
[BlackElo "1987"]
[Annotator "NA"]
[PlyCount "117"]
[EventDate "2019.10.02"]
[EventType "swiss"]
[EventCountry "IND"]
[SourceTitle "playchess.com"]
[Source "ChessBase"]
[SourceQuality "1"]
[TimeControl "40/5400+30:1800+30"]

1. d4 {[%emt 0:00:00]} Nf6 {[%emt 0:00:00]} 2. c4 {[%emt 0:00:00]} e6 {[%emt 0:00:00]} 3. g3 {[%emt 0:00:00]} Bb4+ {[%emt 0:00:00]} 4. Bd2 {[%emt 0:00:00]} Qe7 {[%emt 0:00:10]} 5. Nf3 {[%emt 0:00:00]} O-O {[%emt 0:00:26]} 6. Bg2 {[%emt 0:00:12]} Bxd2+ {[%emt 0:02:29]} 7. Qxd2 {[%emt 0:00:08]} d6 {[%emt 0:02:21]} 8. Nc3 {[%emt 0:01:09]} e5 {[%emt 0:00:50]} 9. O-O {[%emt 0:05:58]} Re8 {[%emt 0:01:01]} 10. d5 {[%emt 0:08:26]} a5 {[%emt 0:02:48]} 11. a3 {[%emt 0:04:46]} Na6 {[%emt 0:00:43]} 12. e4 {[%emt 0:05:50]} Nc5 {[%emt 0:00:54]} 13. Qc2 {[%emt 0:00:15]} a4 {[%emt 0:00:26]} 14. Nd2 {[%emt 0:03:09]} Nh5 {[%emt 0:09:43]} 15. b4 {[%emt 0:14:55]} axb3 {[%emt 0:00:23]} 16. Nxb3 {[%emt 0:00:10]} Nxb3 {[%emt 0:01:29]} 17. Qxb3 {[%emt 0:00:03]} g6 {[%emt 0:00:33]} 18. Rfd1 {[%emt 0:04:58]} b6 {[%emt 0:04:10]} 19. Nb5 {[%emt 0:08:43]} f5 {[%emt 0:14:30]} 20. exf5 {[%emt 0:02:58]} gxf5 {[%emt 0:05:46]} 21. a4 Ra5 {[%emt 0:06:03]} 22. Re1 {[%emt 0:09:20]} Qd8 {[%emt 0:01:22]} 23. Qc3 {[%emt 0:00:30]} Ba6 {[%emt 0:00:30]} 24. Bf1 {[%emt 0:00:30]} Nf6 {[%emt 0:00:30]} 25. Bh3 {[%emt 0:00:30]} Bc8 {[%emt 0:00:30]} 26. f4 {[%emt 0:00:30]} Ne4 {[%emt 0:00:30]} 27. Qf3 {[%emt 0:00:30]} Rf8 {[%emt 0:00:30]} 28. Kh1 {[%emt 0:00:30]} Kh8 {[%emt 0:00:30]} 29. Bg2 {[%emt 0:00:30]} Bd7 {[%emt 0:00:30]} 30. fxe5 {[%emt 0:00:30]} Bxb5 {[%emt 0:00:30]} 31. axb5 {[%emt 0:00:30]} Rxa1 {[%emt 0:00:30]} 32. Rxa1 {[%emt 0:00:30]} dxe5 {[%emt 0:00:30]} 33. Qe2 {[%emt 0:28:02]} Nd6 {[%emt 0:40:04]} 34. Qxe5+ {[%emt 0:00:18]} Qf6 {[%emt 0:00:03]} 35. Qxf6+ {[%emt 0:00:29]} Rxf6 {[%emt 0:00:02]} 36. Ra8+ {[%emt 0:00:01]} Kg7 {[%emt 0:00:14]} 37. Ra7 {[%emt 0:01:51]} Rf7 {[%emt 0:00:04]} 38. Bf1 {[%emt 0:00:43]} Kf6 {[%emt 0:00:19]} 39. Ra1 {[%emt 0:00:48]} Ke5 {[%emt 0:01:00]} 40. Re1+ {[%emt 0:01:04]} Kd4 {[%emt 0:00:10]} 41. Rd1+ {[%emt 0:30:38]} Kc5 {[%emt 0:30:41]} 42. Re1 {[%emt 0:00:00]} f4 {[%emt 0:00:00]} 43. Kg2 {[%emt 0:00:00]} fxg3 {[%emt 0:00:00]} 44. Kxg3 {[%emt 0:00:00]} Nf5+ {[%emt 0:00:00]} 45. Kg2 {[%emt 0:00:00]} Rg7+ {[%emt 0:00:00]} 46. Kh3 {[%emt 0:00:00]} Rg1 {[%emt 0:00:00]} 47. Rb1 {[%emt 0:00:00]} Ne3 {[%emt 0:00:00]} 48. Bd3 {[%emt 0:00:00]} Rxb1 {[%emt 0:00:00]} 49. Bxb1 {[%emt 0:00:00]} h6 {[%emt 0:00:00]} 50. Kh4 {[%emt 0:00:00]} Kxc4 {[%emt 0:00:00]} 51. Kh5 {[%emt 0:00:00]} Kxd5 {[%emt 0:00:16]} 52. h4 {[%emt 0:00:00]} Ng2 {[%emt 0:00:40]} 53. Bf5 {[%emt 0:02:18]} Ke5 {[%emt 0:01:10]} 54. Bd7 {[%emt 0:00:49]} Kf4 {[%emt 0:05:03]} 55. Bc6 {[%emt 0:01:23]} Ne3 {[%emt 0:00:07]} 56. Kxh6 {[%emt 0:00:11]} Nf5+ {[%emt 0:00:05]} 57. Kh5 {[%emt 0:00:29]} Kg3 {[%emt 0:00:20]} 58. Kg5 {[%emt 0:00:48]} Nxh4 {[%emt 0:00:12]} 59. Kf6 {[%emt 0:00:21]} 1/2-1/2

[Event "WYCC U14 Girls 2019"]
[Site "Mumbai"]
[Date "2019.10.10"]
[Round "9.10"]
[White "Ghomi, Parnian"]
[Black "Bhagyashree Patil"]
[Result "0-1"]
[WhiteElo "1948"]
[BlackElo "1802"]
[Annotator "NA"]
[PlyCount "128"]
[EventDate "2019.10.02"]
[EventType "swiss"]
[EventCountry "IND"]
[SourceTitle "playchess.com"]
[Source "ChessBase"]
[SourceQuality "1"]
[TimeControl "40/5400+30:1800+30"]

1. e4 {[%emt 0:03:19]} e5 {[%emt 0:00:00]} 2. Nf3 {[%emt 0:00:07]} Nc6 {[%emt 0:00:00]} 3. Bb5 {[%emt 0:00:07]} a6 {[%emt 0:00:00]} 4. Ba4 {[%emt 0:00:07]} Nf6 {[%emt 0:00:00]} 5. O-O {[%emt 0:00:09]} Be7 {[%emt 0:00:01]} 6. Re1 {[%emt 0:00:06]} b5 {[%emt 0:00:04]} 7. Bb3 {[%emt 0:00:04]} d6 {[%emt 0:00:06]} 8. c3 {[%emt 0:00:46]} O-O {[%emt 0:00:22]} 9. h3 {[%emt 0:00:04]} Na5 {[%emt 0:00:04]} 10. Bc2 {[%emt 0:00:05]} c5 {[%emt 0:00:03]} 11. d4 {[%emt 0:00:07]} Qc7 {[%emt 0:00:04]} 12. Nbd2 {[%emt 0:00:32]} Bd7 {[%emt 0:00:49]} 13. Nf1 {[%emt 0:07:39]} Nc4 {[%emt 0:01:54]} 14. b3 {[%emt 0:02:02]} Nb6 {[%emt 0:00:51]} 15. Be3 {[%emt 0:01:29]} Rfc8 {[%emt 0:04:34]} 16. Rc1 {[%emt 0:08:21]} Bf8 {[%emt 0:06:05]} 17. Bg5 {[%emt 0:04:32]} Ne8 {[%emt 0:01:57]} 18. Bb1 {[%emt 0:09:55]} g6 {[%emt 0:06:36]} 19. Qd2 {[%emt 0:03:56]} Bg7 {[%emt 0:03:18]} 20. d5 {[%emt 0:09:57]} c4 {[%emt 0:01:54]} 21. b4 {[%emt 0:03:01]} a5 {[%emt 0:02:58]} 22. a3 axb4 {[%emt 0:03:28]} 23. axb4 {[%emt 0:02:00]} Ra3 {[%emt 0:02:24]} 24. g4 {[%emt 0:08:17]} Rca8 {[%emt 0:02:49]} 25. Ng3 {[%emt 0:01:28]} Qc8 {[%emt 0:10:32]} 26. Be3 {[%emt 0:02:25]} Qc7 {[%emt 0:02:11]} 27. Rf1 {[%emt 0:09:48]} h5 {[%emt 0:11:16]} 28. Nh2 {[%emt 0:02:28]} hxg4 {[%emt 0:09:00]} 29. hxg4 {[%emt 0:02:05]} Bc8 {[%emt 0:00:15]} 30. Kg2 {[%emt 0:15:06]} Nd7 {[%emt 0:02:38]} 31. Rh1 {[%emt 0:00:27]} Nf8 {[%emt 0:00:22]} 32. Bh6 {[%emt 0:02:30]} Bxh6 {[%emt 0:02:19]} 33. Qxh6 {[%emt 0:00:02]} f6 {[%emt 0:00:30]} 34. Qd2 {[%emt 0:02:32]} R8a7 {[%emt 0:08:07]} 35. g5 {[%emt 0:00:23]} Qe7 {[%emt 0:01:22]} 36. gxf6 {[%emt 0:00:24]} Qxf6 {[%emt 0:00:09]} 37. Nf3 {[%emt 0:01:14]} Bg4 {[%emt 0:00:55]} 38. Ng5 {[%emt 0:00:43]} Nh7 {[%emt 0:02:08]} 39. Nxh7 {[%emt 0:00:34]} Qf3+ {[%emt 0:00:43]} 40. Kg1 {[%emt 0:00:03]} Rxh7 {[%emt 0:00:11]} 41. Rxh7 {[%emt 0:30:03]} Kxh7 {[%emt 0:30:18]} 42. Qg5 {[%emt 0:00:00]} Nf6 {[%emt 0:00:00]} 43. Nf5 {[%emt 0:00:00]} gxf5 {[%emt 0:00:00]} 44. Qxf6 {[%emt 0:00:00]} Ra7 {[%emt 0:00:00]} 45. Qh4+ {[%emt 0:00:00]} Bh5 {[%emt 0:00:00]} 46. Kh2 {[%emt 0:00:00]} Rg7 {[%emt 0:00:00]} 47. Rg1 {[%emt 0:00:00]} Rxg1 {[%emt 0:00:00]} 48. Kxg1 {[%emt 0:00:00]} Qg4+ {[%emt 0:00:00]} 49. Qxg4 {[%emt 0:00:00]} Bxg4 {[%emt 0:00:00]} 50. Kg2 {[%emt 0:00:00]} fxe4 {[%emt 0:00:00]} 51. Bxe4+ {[%emt 0:00:00]} Kh6 {[%emt 0:00:00]} 52. Kg3 {[%emt 0:00:14]} Kg5 {[%emt 0:00:00]} 53. Bh7 {[%emt 0:04:41]} Bf5 {[%emt 0:00:00]} 54. Bg8 {[%emt 0:01:15]} Kf6 {[%emt 0:00:00]} 55. Kh4 {[%emt 0:00:51]} Kg6 {[%emt 0:00:00]} 56. f3 {[%emt 0:01:03]} Bd7 {[%emt 0:00:00]} 57. Be6 {[%emt 0:00:55]} Bxe6 {[%emt 0:00:00]} 58. dxe6 {[%emt 0:00:06]} Kf6 {[%emt 0:00:21]} 59. e7 {[%emt 0:00:43]} Kxe7 {[%emt 0:00:02]} 60. Kg5 {[%emt 0:00:26]} d5 {[%emt 0:01:34]} 61. Kf5 {[%emt 0:00:21]} d4 {[%emt 0:00:24]} 62. Ke4 {[%emt 0:00:26]} dxc3 {[%emt 0:00:45]} 63. Ke3 {[%emt 0:00:01]} Kf6 {[%emt 0:00:06]} 64. Ke2 {[%emt 0:00:06]} Kf5 {[%emt 0:00:05]} 0-1

[Event "WYCC U14 Girls 2019"]
[Site "Mumbai"]
[Date "2019.10.10"]
[Round "9.11"]
[White "Ince, Safiye Oyku"]
[Black "Kurmangaliyeva, Liya"]
[Result "1/2-1/2"]
[WhiteElo "1840"]
[BlackElo "1936"]
[Annotator "NA"]
[PlyCount "84"]
[EventDate "2019.10.02"]
[EventType "swiss"]
[EventCountry "IND"]
[SourceTitle "playchess.com"]
[Source "ChessBase"]
[SourceQuality "1"]
[TimeControl "40/5400+30:1800+30"]

1. e4 c5 2. Nf3 Nc6 3. Bb5 g6 4. O-O Bg7 5. c3 Nf6 6. Re1 O-O 7. d4 d5 8. e5 Ne4 9. Bxc6 bxc6 10. Nbd2 cxd4 11. cxd4 c5 12. dxc5 Nxc5 13. Nb3 Nxb3 14. Qxb3 Be6 15. Bg5 Rb8 16. Qa3 Rb7 17. Rac1 h6 18. Bd2 d4 19. Re4 Qb6 20. Rxd4 Qxb2 21. Qxb2 Rxb2 22. a4 Rfb8 23. h3 R8b7 24. Rd8+ Kh7 25. a5 Ra2 26. Rc5 Bf5 27. Nh4 Be6 28. Nf3 g5 29. Be3 Rb1+ 30. Kh2 Rba1 31. Bd2 Rd1 32. Kg3 Ra3 33. Rd4 Kg6 34. Be3 Rda1 35. Bd2 Rd1 36. Be3 Rda1 37. Bd2 f6 38. exf6 Bxf6 39. Re4 Bf5 40. Re3 Rxe3 41. Bxe3 a6 42. Ne5+ Bxe5+ 1/2-1/2

[Event "WYCC U14 Girls 2019"]
[Site "Mumbai"]
[Date "2019.10.10"]
[Round "9.12"]
[White "Swara Lakshmi S Nair"]
[Black "Lhotska, Anna"]
[Result "1-0"]
[WhiteElo "1536"]
[BlackElo "1897"]
[Annotator "NA"]
[PlyCount "55"]
[EventDate "2019.10.02"]
[EventType "swiss"]
[EventCountry "IND"]
[SourceTitle "playchess.com"]
[Source "ChessBase"]
[SourceQuality "1"]
[TimeControl "40/5400+30:1800+30"]

1. e4 {[%emt 0:00:11]} c5 {[%emt 0:00:00]} 2. Nf3 {[%emt 0:01:25]} d6 {[%emt 0:00:00]} 3. d4 {[%emt 0:01:10]} cxd4 {[%emt 0:00:00]} 4. Nxd4 {[%emt 0:00:39]} Nf6 {[%emt 0:00:03]} 5. Nc3 {[%emt 0:00:07]} a6 {[%emt 0:00:08]} 6. Bc4 {[%emt 0:01:33]} e6 {[%emt 0:00:14]} 7. O-O {[%emt 0:00:36]} b5 {[%emt 0:00:15]} 8. Bb3 {[%emt 0:02:39]} Be7 {[%emt 0:00:25]} 9. f4 {[%emt 0:01:31]} O-O {[%emt 0:00:44]} 10. f5 {[%emt 0:10:10]} b4 {[%emt 0:02:03]} 11. Na4 {[%emt 0:04:18]} e5 {[%emt 0:00:35]} 12. Ne2 {[%emt 0:02:14]} Bb7 {[%emt 0:02:42]} 13. Ng3 {[%emt 0:04:33]} Nbd7 {[%emt 0:06:04]} 14. Qe1 {[%emt 0:13:03]} a5 {[%emt 0:01:17]} 15. Bg5 {[%emt 0:05:22]} h6 {[%emt 0:05:28]} 16. Bxf6 {[%emt 0:03:05]} Nxf6 {[%emt 0:00:38]} 17. c3 {[%emt 0:02:18]} Bc6 18. Rd1 {[%emt 0:09:50]} Qd7 {[%emt 0:04:49]} 19. Ra1 Qd8 {[%emt 0:00:30]} 20. Rd1 {[%emt 0:01:00]} Qd7 21. cxb4 {[%emt 0:07:45]} Bxa4 {[%emt 0:08:16]} 22. bxa5 {[%emt 0:00:06]} Bxb3 {[%emt 0:00:17]} 23. axb3 {[%emt 0:00:06]} Qb5 {[%emt 0:00:18]} 24. b4 {[%emt 0:00:19]} Rfb8 {[%emt 0:00:13]} 25. Rc1 {[%emt 0:00:10]} Qxb4 {[%emt 0:01:02]} 26. Rc8+ {[%emt 0:00:00] Qb5 Rc1 Qb4} Rxc8 {[%emt 0:11:08] Kh7 Rc1 Kg8 Rc8+ Kh7} 27. Qxb4 {[%emt 0:00:14] Rxb4 Rxa8} d5 {[%emt 0:04:02]} 28. Rc1 {[%emt 0:07:22]} 1-0

[Event "WYCC U14 Girls 2019"]
[Site "Mumbai"]
[Date "2019.10.11"]
[Round "10.1"]
[White "Roebers, Eline"]
[Black "Mungunzul, Bat-Erdene"]
[Result "0-1"]
[WhiteElo "2083"]
[BlackElo "1912"]
[Annotator "NA"]
[PlyCount "138"]
[EventDate "2019.10.02"]
[EventType "swiss"]
[EventCountry "IND"]
[SourceTitle "playchess.com"]
[Source "ChessBase"]
[SourceQuality "1"]
[TimeControl "40/5400+30:1800+30"]

1. e4 {[%emt 0:00:00]} e5 {[%emt 0:00:00]} 2. Nf3 {[%emt 0:00:00]} Nc6 {[%emt 0:00:00]} 3. d4 {[%emt 0:00:09]} exd4 {[%emt 0:00:02]} 4. Nxd4 {[%emt 0:00:06]} Bc5 {[%emt 0:00:17]} 5. Nb3 {[%emt 0:00:17]} Bb6 {[%emt 0:00:54]} 6. Nc3 {[%emt 0:00:32]} d6 {[%emt 0:02:14]} 7. Qe2 {[%emt 0:02:11]} Nge7 {[%emt 0:06:47] C45: Scotch Game} 8. Be3 {[%emt 0:02:10]} Be6 {[%emt 0:01:29]} (8... O-O 9. O-O-O f5 10. f4 fxe4 11. g3 Bxe3+ 12. Qxe3 Nf5 13. Bc4+ Kh8 14. Qe2 e3 15. Rhf1 {1-0 (39) Navara,D (2739)-Laznicka,V (2670) Prague 2019}) 9. O-O-O {[%emt 0:05:07]} Ng6 {[%emt 0:12:30]} 10. h3 $146 {[%emt 0:12:19]} ({Predecessor:} 10. f4 Bxb3 11. cxb3 Bxe3+ 12. Qxe3 Qh4 13. g3 Qh5 14. Nb5 O-O 15. Rd5 {1-0 (29) Leao,T (1995)-Friedrich,C (1656) Caioba 2017}) 10... Qe7 {[%emt 0:20:53]} 11. g3 {[%emt 0:03:41]} Nge5 {[%emt 0:04:19]} 12. f4 {[%emt 0:06:35]} Nc4 {[%emt 0:02:24]} 13. Bxb6 {[%emt 0:03:31]} Nxb6 {[%emt 0:00:22]} 14. Nd4 {[%emt 0:11:14]} Nc4 15. Nb3 Nb6 {[%emt 0:01:00]} 16. Nd4 {[%emt 0:01:00]} Nxd4 {[%emt 0:09:57]} 17. Rxd4 {[%emt 0:00:05]} f6 {[%emt 0:00:26]} 18. Bg2 {[%emt 0:03:09]} O-O-O {[%emt 0:03:33]} 19. Rhd1 {[%emt 0:02:12]} Rhe8 {[%emt 0:03:34]} 20. Qf3 {[%emt 0:03:20]} c6 $14 {[%emt 0:01:00]} 21. a4 {[%emt 0:12:42]} Kb8 {[%emt 0:08:37]} 22. Qd3 {[%emt 0:20:30]} Nc8 {[%emt 0:03:03]} 23. a5 {[%emt 0:02:09]} c5 {[%emt 0:06:30]} 24. Ra4 {[%emt 0:00:25]} a6 {[%emt 0:00:20]} 25. b4 {[%emt 0:07:11]} Na7 {[%emt 0:04:55]} 26. Nd5 {[%emt 0:01:49]} Bxd5 {[%emt 0:01:20]} 27. Qxd5 {[%emt 0:00:08]} Nc6 {[%emt 0:00:16]} 28. c3 {[%emt 0:00:47]} cxb4 {[%emt 0:01:00]} 29. cxb4 {[%emt 0:00:03]} Qc7 {[%emt 0:00:09]} 30. Kb2 {[%emt 0:00:49]} Ne7 {[%emt 0:01:14]} 31. Qd3 {[%emt 0:00:36]} Qd7 {[%emt 0:02:14]} 32. Raa1 {[%emt 0:00:23]} Nc8 {[%emt 0:00:28]} 33. Rac1 {[%emt 0:00:35]} Re7 {[%emt 0:00:24]} 34. Rc4 {[%emt 0:00:34]} Na7 {[%emt 0:01:19]} 35. Kb3 {[%emt 0:00:30]} Nb5 {[%emt 0:00:42]} 36. Rc2 {[%emt 0:00:31]} Rc8 {[%emt 0:01:10]} 37. Rdc1 {[%emt 0:00:29]} Qe6+ {[%emt 0:00:36]} 38. Kb2 {[%emt 0:00:28]} Rd8 {[%emt 0:00:42]} 39. Qc4 {[%emt 0:00:38]} Qd7 {[%emt 0:00:46]} 40. Qd5 {[%emt 0:00:29]} Qe6 {[%emt 0:01:05]} 41. Qxe6 {[%emt 0:30:21]} Rxe6 {[%emt 0:30:07]} 42. Rc4 {[%emt 0:00:36]} g6 {[%emt 0:00:29]} 43. Rd1 {[%emt 0:00:00]} Rde8 {[%emt 0:00:00]} 44. g4 {[%emt 0:00:00]} g5 {[%emt 0:00:00]} 45. fxg5 {[%emt 0:00:00]} fxg5 {[%emt 0:00:00]} 46. Rc2 {[%emt 0:00:00]} Rf6 {[%emt 0:00:00]} 47. Rd5 {[%emt 0:00:00]} Re5 {[%emt 0:00:00]} 48. Rdd2 {[%emt 0:00:00]} Re8 {[%emt 0:00:00]} 49. Rd5 {[%emt 0:00:00]} Ref8 {[%emt 0:00:00]} 50. Rf5 {[%emt 0:03:56]} Nd4 {[%emt 0:00:00]} 51. Rxf6 {[%emt 0:00:15]} Rxf6 {[%emt 0:00:00]} 52. Rd2 {[%emt 0:00:44]} Nc6 {[%emt 0:00:00]} 53. Kc3 {[%emt 0:00:27]} Kc7 {[%emt 0:00:00]} 54. Rd1 {[%emt 0:00:44]} Rf2 {[%emt 0:00:00]} 55. Bf1 {[%emt 0:00:22]} Ne5 {[%emt 0:01:01]} 56. Kd4 {[%emt 0:00:30]} Rb2 {[%emt 0:00:35]} 57. Kc3 {[%emt 0:00:28]} Rh2 {[%emt 0:00:30]} 58. Kd4 {[%emt 0:00:25]} Nc6+ {[%emt 0:01:15]} 59. Kc3 {[%emt 0:00:35]} Rh1 {[%emt 0:00:21]} 60. Re1 {[%emt 0:00:36]} Ne5 {[%emt 0:00:45]} 61. Rd1 {[%emt 0:00:29]} Nf3 {[%emt 0:01:12]} 62. Kc2 {[%emt 0:00:32]} Ne5 {[%emt 0:01:05]} 63. Kc3 {[%emt 0:00:24]} Ng6 {[%emt 0:00:42]} 64. Kd2 {[%emt 0:00:33]} Nf4 {[%emt 0:00:30]} 65. Ke3 {[%emt 0:00:32]} Nxh3 {[%emt 0:00:19]} 66. Rc1+ {[%emt 0:00:28]} Kb8 {[%emt 0:00:09]} 67. Kd4 {[%emt 0:00:30]} Nf2 {[%emt 0:00:21]} 68. Ke3 {[%emt 0:00:36]} Nxg4+ {[%emt 0:00:13]} 69. Ke2 {[%emt 0:00:31]} Nh2 {[%emt 0:00:08]} 0-1

[Event "WYCC U14 Girls 2019"]
[Site "Mumbai"]
[Date "2019.10.11"]
[Round "10.2"]
[White "Nasyrova, Ekaterina"]
[Black "Allahverdiyeva, Ayan"]
[Result "1-0"]
[WhiteElo "2137"]
[BlackElo "2160"]
[Annotator "NA"]
[PlyCount "89"]
[EventDate "2019.10.02"]
[EventType "swiss"]
[EventCountry "IND"]
[SourceTitle "playchess.com"]
[Source "ChessBase"]
[SourceQuality "1"]
[TimeControl "40/5400+30:1800+30"]

1. Nf3 {[%emt 0:00:00]} d5 {[%emt 0:01:33]} 2. e3 {[%emt 0:00:00]} Nf6 {[%emt 0:00:23]} 3. c4 {[%emt 0:00:00]} c6 {[%emt 0:00:03]} 4. Nc3 {[%emt 0:00:01]} a6 {[%emt 0:00:53]} 5. d4 {[%emt 0:05:31]} b5 {[%emt 0:00:29]} 6. cxd5 {[%emt 0:02:14]} cxd5 {[%emt 0:01:17]} 7. Bd3 {[%emt 0:01:23]} Bg4 {[%emt 0:02:20]} 8. O-O {[%emt 0:13:07]} Nc6 {[%emt 0:02:44]} 9. h3 {[%emt 0:00:53]} Bh5 {[%emt 0:00:31]} 10. Bd2 {[%emt 0:02:51]} Rc8 {[%emt 0:12:09]} 11. Rc1 {[%emt 0:01:09]} e5 {[%emt 0:01:34]} 12. Bf5 {[%emt 0:07:44]} e4 {[%emt 0:07:49]} 13. g4 {[%emt 0:03:12]} exf3 {[%emt 0:26:33]} 14. Qxf3 {[%emt 0:01:30]} Bg6 {[%emt 0:08:26]} 15. Bxc8 {[%emt 0:04:26]} Qxc8 {[%emt 0:01:13]} 16. Nxd5 {[%emt 0:00:58]} Ne4 {[%emt 0:00:03]} 17. Bb4 {[%emt 0:12:34]} Nf6 18. Bd2 {[%emt 0:00:00]} Ne4 {[%emt 0:01:00]} 19. Bb4 {[%emt 0:01:00]} Ng5 {[%emt 0:16:33]} 20. Qg3 {[%emt 0:01:57]} Be4 {[%emt 0:00:04]} 21. Rxc6 {[%emt 0:02:24]} Qxc6 {[%emt 0:00:58]} 22. Qb8+ {[%emt 0:00:14]} Kd7 {[%emt 0:00:33]} 23. Nb6+ {[%emt 0:00:54]} Qxb6 {[%emt 0:02:35]} 24. Qxb6 {[%emt 0:00:09]} Nf3+ {[%emt 0:00:23]} 25. Kg2 {[%emt 0:01:42]} Bxb4 {[%emt 0:00:19]} 26. Qa7+ {[%emt 0:01:24]} Ke6 {[%emt 0:00:32]} 27. Qxa6+ {[%emt 0:04:03]} Bd6 {[%emt 0:00:03]} 28. Rd1 h5 {[%emt 0:06:58]} 29. d5+ {[%emt 0:06:25]} Ke5 {[%emt 0:00:16]} 30. g5 {[%emt 0:04:48]} h4 {[%emt 0:02:30]} 31. Kf1 {[%emt 0:04:00]} Nh2+ {[%emt 0:01:21]} 32. Ke2 {[%emt 0:02:49]} Bf3+ {[%emt 0:00:15]} 33. Kd2 {[%emt 0:00:17]} Rb8 {[%emt 0:02:07]} 34. Rc1 {[%emt 0:01:45]} Bxd5 {[%emt 0:01:04]} 35. f4+ {[%emt 0:00:15]} Ke6 {[%emt 0:00:16]} 36. Kd3 {[%emt 0:02:49]} Nf1 {[%emt 0:01:06]} 37. e4 {[%emt 0:11:26]} Bb7 {[%emt 0:00:44]} 38. Qa5 {[%emt 0:01:23]} Ra8 {[%emt 0:00:11]} 39. Qc3 {[%emt 0:01:13]} Ng3 {[%emt 0:01:09]} 40. f5+ {[%emt 0:00:31]} Kd7 {[%emt 0:00:31]} 41. e5 {[%emt 0:30:52]} Bb8 {[%emt 0:30:01]} 42. e6+ {[%emt 0:00:12]} Ke8 {[%emt 0:00:53]} 43. exf7+ {[%emt 0:00:00]} Kxf7 {[%emt 0:00:00]} 44. g6+ {[%emt 0:00:00]} Ke7 {[%emt 0:00:00]} 45. Qxg7+ {[%emt 0:00:00]} 1-0